| 000 | 00554nam a2200217Ia 4500 | ||
|---|---|---|---|
| 008 | 230125s9999 xx 000 0 und d | ||
| 020 | _a81-7381-352-3 | ||
| 041 | _aeng | ||
| 082 |
_a658.001 _bHAY |
||
| 100 |
_aHaynes W _9112200 |
||
| 245 | _aPrinciples of management and entreprenuership development | ||
| 250 | _a2nd ed | ||
| 260 |
_c2000 _bNew Central Book Agency _aNew Delhi |
||
| 300 | _a223p | ||
| 500 | _aEntreprenuership | ||
| 500 | _aPPM | ||
| 650 | _aManagement | ||
| 700 |
_aHaynes W _9112200 |
||
| 906 | _b17 | ||
| 999 |
_c89143 _d89143 |
||